[Event "BLR-ch 1st Stage Men 2020"]
[Site "Minsk"]
[Date "2020.02.01"]
[Round "7.7"]
[White "Vashchilov, Sergey"]
[Black "Runets, Ivan"]
[Result "1-0"]
[WhiteElo "2148"]
[BlackElo "2304"]
[Annotator "NA"]
[PlyCount "89"]
[EventDate "2020.02.01"]
[EventType "swiss"]
[EventCountry "BLR"]
[SourceTitle "playchess.com"]
[Source "ChessBase"]
[SourceQuality "1"]
[TimeControl "40/5400+30:1800+30"]

1. e4 {[%emt 0:02:37]} c5 {[%emt 0:00:00]} 2. Nf3 {[%emt 0:00:14]} e6 {[%emt 0:00:00]} 3. b3 {[%emt 0:00:19]} b6 {[%emt 0:04:20]} 4. Bb2 {[%emt 0:00:30]} Bb7 {[%emt 0:00:09]} 5. Nc3 {[%emt 0:00:13]} a6 {[%emt 0:00:31]} 6. g3 {[%emt 0:02:04]} Nf6 {[%emt 0:00:37]} 7. Qe2 {[%emt 0:04:49]} d6 {[%emt 0:02:25]} 8. d4 {[%emt 0:03:54]} cxd4 {[%emt 0:01:23]} 9. Nxd4 {[%emt 0:00:06]} Qc7 {[%emt 0:06:50]} 10. O-O-O {[%emt 0:02:57]} Nbd7 {[%emt 0:05:23]} 11. Bh3 {[%emt 0:06:44]} b5 {[%emt 0:31:29]} 12. Bxe6 {[%emt 0:08:21]} (12. Rhe1 $16) 12... fxe6 {[%emt 0:00:48]} 13. Nxe6 $11 {[%emt 0:00:05]} Qc6 {[%emt 0:11:02]} 14. Nd5 {[%emt 0:06:30]} Kf7 {[%emt 0:05:17]} 15. Ng5+ {[%emt 0:05:46]} Kg8 {[%emt 0:00:57]} 16. Qf3 {[%emt 0:00:15]} Re8 {[%emt 0:02:38]} 17. Rhe1 {[%emt 0:18:51]} h6 {[%emt 0:05:11]} 18. Nh3 {[%emt 0:01:40]} Ne5 {[%emt 0:06:13]} 19. Nxf6+ {[%emt 0:03:40]} gxf6 {[%emt 0:00:01]} 20. Qxf6 {[%emt 0:05:23]} Bc8 {[%emt 0:05:40]} 21. Bxe5 {[%emt 0:05:42]} Rxe5 {[%emt 0:00:09]} 22. Qg6+ {[%emt 0:01:27]} Bg7 {[%emt 0:00:01]} 23. Rxd6 {[%emt 0:00:24]} Qe8 {[%emt 0:00:12]} 24. Nf4 {[%emt 0:00:57]} h5 {[%emt 0:04:58]} 25. Rd5 {[%emt 0:03:58]} Bb7 {[%emt 0:02:03]} 26. Qxe8+ {[%emt 0:03:18]} Rxe8 {[%emt 0:00:01]} 27. Rg5 {[%emt 0:02:52]} Kf7 {[%emt 0:02:11]} 28. Rf5+ {[%emt 0:00:54]} Kg8 {[%emt 0:00:08]} 29. Nxh5 {[%emt 0:01:12]} Bc3 {[%emt 0:01:45]} 30. Re3 {[%emt 0:02:13]} b4 {[%emt 0:00:04]} 31. Rxc3 {[%emt 0:03:07]} bxc3 {[%emt 0:00:11]} 32. Nf6+ {[%emt 0:00:12]} Kf7 {[%emt 0:01:05]} 33. Nxe8+ {[%emt 0:00:14]} Kxe8 {[%emt 0:00:01]} 34. h4 {[%emt 0:01:44]} Kd7 {[%emt 0:00:52]} 35. Rc5 {[%emt 0:01:57]} Rf8 {[%emt 0:00:01]} 36. f4 {[%emt 0:00:49]} Rc8 {[%emt 0:01:20]} 37. Rxc8 {[%emt 0:00:56]} Kxc8 {[%emt 0:00:01]} 38. e5 {[%emt 0:00:23]} Bf3 {[%emt 0:00:12]} 39. b4 {[%emt 0:01:05]} Kd7 {[%emt 0:00:13]} 40. a4 {[%emt 0:00:00]} Bc6 {[%emt 0:00:00]} 41. h5 {[%emt 0:04:29]} Ke7 {[%emt 0:02:51]} 42. b5 {[%emt 0:02:31]} axb5 {[%emt 0:00:02]} 43. a5 {[%emt 0:00:14]} Bf3 {[%emt 0:03:14]} 44. h6 {[%emt 0:02:45]} Kf7 {[%emt 0:00:39]} 45. e6+ {[%emt 0:01:07]} 1-0

[Event "BLR-ch 1st Stage Men 2020"]
[Site "Minsk"]
[Date "2020.02.02"]
[Round "8.1"]
[White "Zarubitski, Viachaslau"]
[Black "Pogosian, Manvel"]
[Result "0-1"]
[WhiteElo "2451"]
[BlackElo "2383"]
[Annotator "TA"]
[PlyCount "110"]
[EventDate "2020.02.01"]
[EventType "swiss"]
[EventCountry "BLR"]
[SourceTitle "playchess.com"]
[Source "ChessBase"]
[SourceQuality "1"]

{[%evp 13,110,32,54,29,41,0,0,0,7,0,11,1,13,0,24,30,25,16,22,18,32,35,48,31,35,13,26,0,0,0,0,-13,-16,-13,-5,-5,-20,-18,-8,-8,0,-56,-56,-66,-64,-185,-173,-204,-163,-136,-91,-122,-61,-60,-63,-60,-60,-84,-75,-70,-75,-70,-55,-86,-81,-135,-163,-176,-96,-69,-3,-3,-3,-2,0,-260,-239,-439,-445,-248,-22,-50,-53,-54,-53,-102,-91,-167,-160,-491,-447,-925,-891,-12837,-12837,-12839,-12839,-12843,-12843]} 1. e4 c6 2. d4 d5 3. Nd2 dxe4 4. Nxe4 Bf5 5. Ng3 Bg6 6. Nh3 e6 7. Nf4 Qh4 8. c3 {B18: Classical Caro-Kann: 4...Bf5 sidelines} Nd7 9. Qf3 Ngf6 10. Nxg6 {The position is equal.} hxg6 11. Ne2 {[#]} e5 $146 ({Predecessor:} 11... Bd6 12. g3 Qg4 13. Qxg4 Nxg4 14. h3 e5 15. Bg2 Ngf6 16. Bg5 O-O-O 17. O-O-O Nb6 18. dxe5 Bxe5 {½-½ (42) Predke,A (2543)-Airapetian,G (2444) Kaliningrad 2015}) 12. g3 Qh5 13. Bg2 Be7 14. Qxh5 gxh5 15. h3 O-O 16. Be3 Rfe8 17. O-O-O e4 18. Kb1 b5 19. g4 Bd6 20. g5 Nd5 21. Bc1 h4 22. f3 e3 23. f4 $1 N7b6 24. Rhf1 a5 25. Kc2 a4 26. Kd3 Ra7 27. Bxd5 (27. f5 $11) 27... Nxd5 $15 28. Rf3 Rd7 29. Rg1 ({White should try} 29. Kc2 $15) 29... c5 $1 $19 30. dxc5 Bxc5 {[%csl Gc5][%cal Rd5b4]} 31. Kc2 Red8 32. a3 Nb6 (32... Ne7 $17 {...Rd2+! is the strong threat.} 33. Bxe3 Nf5 34. Bxc5 Rd2+ 35. Kc1 Rxe2) 33. Nd4 $1 $15 Bxd4 34. cxd4 Nc4 35. Bxe3 Re8 36. Bc1 Rxd4 37. b3 axb3+ 38. Rxb3 Re2+ 39. Kc3 (39. Kb1 $142) 39... Rd5 $36 {[%mdl 2048] White is under strong pressure.} 40. a4 Nd6 (40... Ne3 $1 $19 {Hoping for ...Nd1+.} 41. Rxb5 Rc2+ 42. Kb4 Rd4+ {[%mdl 64] Double Attack} 43. Ka5 Nc4+ 44. Ka6 Nd6 45. Rb8+ Kh7) 41. axb5 Rxb5 ({Black should play} 41... Rh2 $15 42. Re1 Rxh3+ 43. Re3 Rh2) 42. Rxb5 $11 Nxb5+ $17 {[%mdl 4096] Endgame KRB-KRN} 43. Kd3 Rh2 44. g6 $2 {[%mdl 8192]} (44. Ke4 $11 {and White stays safe.}) 44... Rxh3+ $19 45. Ke4 $2 (45. Be3 {is the only way for White.} Nd6 46. gxf7+ Kxf7 47. Ke2) 45... Nc3+ 46. Kf5 {[#]} Ne2 $2 (46... Rg3 $1 $19 47. gxf7+ Kxf7) 47. Rd1 {[%cal Rd1d8]} fxg6+ 48. Kg4 $1 {[%cal Rg4h3]} Rc3 49. Bb2 Rb3 50. Be5 {[#]} (50. Bd4 $17) 50... Ng3 $1 {[%cal Rg3f5] ( -> ...Nf5)} 51. f5 $2 (51. Bd4 $17 {was the crucial defense.}) 51... Nxf5 {Strongly threatening ...Ne3+.Black is clearly winning.} 52. Kg5 (52. Rd8+ $142 Kh7 53. Rb8) 52... Kh7 53. Bf4 Rb4 54. Rh1 Nh6 55. Rf1 Nf7+ {Accuracy: White = 53%, Black = 82%.} 0-1

[Event "BLR-ch 1st Stage Men 2020"]
[Site "Minsk"]
[Date "2020.02.02"]
[Round "8.2"]
[White "Yezhel, Valiantsin"]
[Black "Podolchenko, Evgeniy"]
[Result "1/2-1/2"]
[WhiteElo "2187"]
[BlackElo "2394"]
[Annotator "TA"]
[PlyCount "62"]
[EventDate "2020.02.01"]
[EventType "swiss"]
[EventCountry "BLR"]
[SourceTitle "playchess.com"]
[Source "ChessBase"]
[SourceQuality "1"]

{[%evp 11,62,22,34,10,16,16,17,21,15,-14,-19,-20,-14,-42,0,0,0,0,-14,-9,8,-13,75,0,0,0,54,48,45,27,55,22,6,20,14,-7,0,0,0,0,66,0,0,0,67,-6,-2,-5,-4,-14,0,0,0]} 1. d4 Nf6 2. c4 e6 3. g3 c5 4. Nf3 cxd4 5. Nxd4 Nc6 6. Bg2 Qb6 7. Nxc6 {A32: Symmetrical English: 2 Nf3 Nf6 3 d4 cxd4 4 Nxd4 e6} bxc6 8. O-O Ba6 9. b3 d5 10. cxd5 cxd5 11. Nc3 Be7 12. Be3 Qa5 {[#]} 13. Bd4 $146 ({Predecessor:} 13. Qd2 Rc8 14. Rfc1 Ba3 15. Rc2 Qc7 16. Rb1 Qe7 17. Qd4 O-O 18. Bf3 e5 19. Qa4 {1-0 (27) Baumgartner,W-Fazekas,S England 1960}) 13... O-O 14. a3 Rfc8 15. b4 Qc7 16. Rc1 {Hoping for Nxd5.} Bc4 {[#]} (16... Qd8 $11 {keeps the balance.}) 17. Na4 ({White should play} 17. Bxf6 $1 $16 {[%cal Rg2d5] Bxd5! is the strong threat.} Bxf6 {[#]} 18. Nxd5 $1 {[%mdl 512]} exd5 19. Bxd5) 17... Rab8 $11 18. Qd2 a5 (18... e5 $11 19. Ba1 e4) 19. bxa5 $14 {Threatens to win with Nb6.} Bxa3 20. Rb1 Nd7 21. Nb6 Nxb6 22. axb6 Qe7 23. f4 Bc5 24. Rfc1 $40 {[%mdl 128] White attacks.} Qd6 25. Qe3 h6 ({Reject} 25... Rxb6 $6 26. Bxc5 Rxc5 27. Rxb6 $16) ({Better is} 25... Bxd4 $1 $11 26. Qxd4 Bxe2) 26. Bxc5 (26. b7 $14 Rc7 27. Bxc5 Rxc5 28. Qd4) 26... Rxc5 $11 27. b7 Qc6 ({Black should try} 27... Kh7 $11) 28. Qd4 (28. Kf2 $14) 28... Rb5 {The position is equal.} 29. Rxb5 $1 Qxb5 30. Kf2 Kh7 31. Bf3 Kg8 {Accuracy: White = 77%, Black = 66%.} 1/2-1/2

[Event "BLR-ch 1st Stage Men 2020"]
[Site "Minsk"]
[Date "2020.02.02"]
[Round "8.3"]
[White "Leinov, Roman"]
[Black "Meribanov, Vitaly"]
[Result "1/2-1/2"]
[WhiteElo "2168"]
[BlackElo "2417"]
[Annotator "TA"]
[PlyCount "115"]
[EventDate "2020.02.01"]
[EventType "swiss"]
[EventCountry "BLR"]
[SourceTitle "playchess.com"]
[Source "ChessBase"]
[SourceQuality "1"]

{[%evp 13,115,24,19,0,27,0,43,0,18,17,56,12,16,20,40,0,0,-35,7,0,0,-16,-22,-14,0,0,0,0,0,-1,0,0,14,-63,0,-63,18,-29,0,16,64,85,175,160,174,178,172,105,136,56,93,64,72,0,0,0,0,0,0,0,0,0,0,0,0,0,0,-34,0,0,0,0,0,0,0,0,0,0,0,0,0,0,0,0,0,0,0,0,0,0,0,0,0,0,0,0,0,0,0,0,0,0,0,0]} 1. c4 Nf6 2. Nc3 c5 3. g3 Nc6 4. Bg2 g6 5. e4 Bg7 6. Nge2 O-O 7. O-O a6 8. a4 {A36: Symmetrical English vs ...g6: 4 Bg2 Bg7} Rb8 9. d3 Ne8 10. f4 {White is slightly better.} Nc7 11. Be3 Nd4 {[#]} 12. Bf2 $146 (12. e5 $5 {[%cal Re2d4]}) ({Predecessor:} 12. Rb1 b5 13. b3 Nce6 14. axb5 Nxe2+ 15. Nxe2 axb5 16. f5 Nd4 17. Bxd4 cxd4 18. h4 {½-½ (44) Zell,H (1469)-Fock,A (1816) Wuerzburg 2018}) 12... d6 13. Nxd4 cxd4 14. Ne2 {[%cal Bc3e2,Be2c1,Bc1b3][%mdl 32]} e5 15. b4 a5 16. bxa5 Na6 17. Nc1 Qxa5 18. Nb3 Qc7 19. Be1 f5 20. Bd2 Bd7 21. Qe2 Rbe8 22. fxe5 dxe5 23. a5 (23. exf5 $11 Bxf5 24. a5) 23... Kh8 (23... f4 $15) 24. Rab1 (24. exf5 $11 Bxf5 25. Rae1) 24... Bc6 (24... f4 $15) 25. Bf3 Rf7 26. exf5 e4 27. Bxe4 gxf5 (27... Rxf5 $16 {was called for.} 28. Bf4 (28. Rxf5 $2 gxf5 29. Be3 dxe3 $19) 28... Qc8) 28. Qh5 $1 $18 ({Don't go for} 28. Bf4 $2 Qe7 $19) 28... Bxe4 29. dxe4 Qxc4 30. exf5 (30. Rxf5 $18 Ref8 31. Rxf7 Qxf7 32. Qxf7 Rxf7 33. Bf4) 30... Ref8 $16 {[#]} 31. g4 ({White should play} 31. Bh6 $1 $16) 31... d3 $1 $14 {[#]} 32. Qh3 $1 {And now g5 would win.} Bf6 $1 33. Rf4 ({White should try} 33. Be3 $16) 33... Qc2 $11 34. Qf1 Rg8 35. h3 h5 $1 36. Qc1 {Rc4 is the strong threat.} hxg4 37. Rxg4 Rxg4+ 38. hxg4 Rg7 39. Kf2 {aiming for Kf3.} Rxg4 40. Kf3 Rh4 41. Qxc2 {Threatening mate with Qc8+.The position is equal.} dxc2 42. Rg1 Nb4 43. Rg4 Rh3+ 44. Rg3 Rh1 45. Rg6 Rb1 46. Rxf6 {Black must now prevent Nc1.} Rxb3+ {[%mdl 4096] Endgame KRB-KRN} 47. Ke2 Rb1 48. Rf8+ Kg7 49. Rc8 Kf6 50. Rc7 Kxf5 51. Rxb7 Na6 52. Rb6 Nc5 53. Rc6 Nb3 54. Kd3 c1=R 55. Bxc1 Nxc1+ 56. Kc2 Ra1 57. Kb2 Rxa5 58. Rxc1 {Accuracy: White = 74%, Black = 74%.} 1/2-1/2

[Event "BLR-ch 1st Stage Men 2020"]
[Site "Minsk"]
[Date "2020.02.02"]
[Round "8.4"]
[White "Lazavik, Denis"]
[Black "Tsyhanchuk, Stanislav"]
[Result "1-0"]
[WhiteElo "2411"]
[BlackElo "2350"]
[Annotator "TA"]
[PlyCount "35"]
[EventDate "2020.02.01"]
[EventType "swiss"]
[EventCountry "BLR"]
[SourceTitle "playchess.com"]
[Source "ChessBase"]
[SourceQuality "1"]

{[%evp 21,91,60,61,50,65,67,54,53,51,43,66,68,102,112,109,96,112,102,112,110,195,194,269,260,368,369,497,502,477,471,564,535,552,554,579,572,664,671,794,779,727,752,995,1000,1036,829,802,593,764,654,1070,1068,1006,989,1283,1236,2113,1846,29971,29972,29972,29973,29973,29973,29980,29973,29973,29971,29990,29991,29997,29998]} 1. d4 Nf6 2. c4 g6 3. g3 Bg7 4. Bg2 d6 5. Nc3 O-O 6. Nf3 Nbd7 7. O-O e5 8. e4 exd4 9. Nxd4 Re8 10. h3 a6 11. Be3 Rb8 12. b3 {[%cal Bb2b3,Bb3b4][%mdl 32] E68: King's Indian: Fianchetto: 6...Nbd7 7 0-0 e5 8 e4.} Nc5 {[%cal Rc5e4]} 13. Qc2 Bd7 14. b4 {White is slightly better.} Ne6 15. Nb3 Qc8 16. Kh2 c5 {[#]} 17. bxc5 $1 Nxc5 {[#]} 18. Rad1 {Played: Be3-f4} 1-0

[Event "BLR-ch 1st Stage Men 2020"]
[Site "Minsk"]
[Date "2020.02.02"]
[Round "8.5"]
[White "Cherepov, Alexej"]
[Black "Tsaruk, Maksim"]
[Result "1/2-1/2"]
[WhiteElo "2184"]
[BlackElo "2316"]
[Annotator "TA"]
[PlyCount "68"]
[EventDate "2020.02.01"]
[EventType "swiss"]
[EventCountry "BLR"]
[SourceTitle "playchess.com"]
[Source "ChessBase"]
[SourceQuality "1"]

{[%evp 18,68,31,19,28,38,65,60,65,18,31,6,8,0,0,0,15,0,0,0,0,0,7,0,0,0,0,0,0,0,61,0,0,0,0,0,0,0,2,-2,0,-5,-5,-5,-5,-5,-5,-2,-3,-14,-1,-1,-2]} 1. d4 d5 2. c4 dxc4 3. Nf3 Nf6 4. e3 a6 5. Bxc4 e6 6. O-O c5 7. dxc5 Bxc5 8. Qxd8+ Kxd8 9. Rd1+ Ke7 10. b3 Nc6 {D27: Queen's Gambit Accepted: Classical main line: 7 e4!? and 7 a4} 11. Bb2 b6 {[%cal Bb7b6,Bb6b5][%mdl 32]} 12. Be2 Bb7 {White is slightly better.} 13. Nbd2 Rhd8 14. Nc4 {[#]} b5 $146 ({Predecessor:} 14... Ne8 15. Ng5 b5 16. Nd2 f6 17. Nge4 Bb6 18. a4 Nc7 19. Ba3+ b4 20. Bb2 Na5 {0-1 (50) Olsen,F (2247)-Raykov,S (2022) Porec 2015}) 15. Nce5 Nxe5 16. Nxe5 Ne8 17. Rac1 Rxd1+ 18. Rxd1 {[#] Strongly threatening Rd7+.} Bd6 19. Rc1 f6 $132 {[%mdl 2048] Black puts up resistance} 20. Nc6+ Kd7 21. Bf3 Rc8 {[%cal Rb7c6]} 22. Ne5+ {[%mdl 64] [#] Discovered Attack} Bxe5 23. Bxb7 Rxc1+ 24. Bxc1 $11 {[%mdl 4096] Endgame KBB-KBN} a5 $1 {The position is equal.} 25. Bd2 Nd6 26. Bf3 b4 27. Kf1 Ba1 ({Reject} 27... Bxh2 $6 28. g3 $16) 28. Bc1 Nb5 29. Be2 Nc3 30. a4 Na2 31. Bd2 Bc3 32. Ke1 f5 33. Kd1 e5 34. Bd3 e4 {Accuracy: White = 90%, Black = 95%.} 1/2-1/2

[Event "BLR-ch 1st Stage Men 2020"]
[Site "Minsk"]
[Date "2020.02.02"]
[Round "8.6"]
[White "Maiorov, Nikita"]
[Black "Vashchilov, Sergey"]
[Result "1-0"]
[WhiteElo "2519"]
[BlackElo "2148"]
[Annotator "TA"]
[PlyCount "89"]
[EventDate "2020.02.01"]
[EventType "swiss"]
[EventCountry "BLR"]
[SourceTitle "playchess.com"]
[Source "ChessBase"]
[SourceQuality "1"]

{[%evp 19,89,16,38,30,62,74,100,83,139,148,141,125,175,179,206,191,234,218,270,261,264,245,349,329,345,346,397,404,385,364,410,405,499,499,500,456,504,508,509,503,476,432,527,481,1568,1531,1533,1181,1531,1485,1477,683,1216,615,590,567,703,698,672,656,900,748,1220,864,1869,1062,1570,1121,29986,29987,29983,29983]} 1. d4 d5 2. c4 e6 3. Nf3 Nf6 4. e3 Be7 5. b3 O-O 6. Bd3 b6 7. O-O Bb7 8. Bb2 Nbd7 9. Nc3 c5 10. Qe2 Rc8 11. cxd5 {E14: Queen's Indian: Classical Variation (4 e3)} cxd4 12. Nxd4 Nxd5 13. Nxd5 {White is better.} Bxd5 (13... exd5 $142 14. Rac1 Rxc1 15. Rxc1 Nc5) 14. Ba6 $1 $16 Rb8 {[#]} 15. Rfd1 $146 {And now e4 would win.} ({Predecessor:} 15. e4 Bb7 16. Rfd1 Bc5 17. Nf3 Qe7 18. a3 Rbd8 19. e5 Bxf3 20. Qxf3 Nb8 21. Bd3 {0-1 (67) Certek,P (2260)-Krajnak,R (2127) Slovakia 2004}) 15... Bf6 {[#]} 16. e4 $1 {[%cal Re4d5]} Ba8 {[#]} 17. e5 $1 {[%mdl 512]} Bg5 (17... Nxe5 18. Nxe6) 18. Bb5 {Threatens to win with Nxe6!} Rb7 19. Ba3 Re8 20. Bc6 Rc7 {[#]} (20... Qc8 {keeps fighting.} 21. Bd6 b5) 21. Bxa8 $1 $18 Qxa8 22. Nb5 Rec8 23. Nxc7 Rxc7 24. Bd6 Rc6 {[#]} 25. h4 $1 Bxh4 26. Qe4 Bg5 27. f4 Bh6 28. Rac1 Rc8 29. Rxc8+ Qxc8 30. Be7 Nf8 31. Qc4 Qb7 (31... Qxc4 $142 32. bxc4 f5) 32. Bxf8 Kxf8 {[%mdl 4096] Endgame KQR-KQB} 33. Rd8+ Ke7 34. Rc8 Qd5 35. Rc7+ (35. Qa4 $142 Qd1+ 36. Kh2 Bxf4+ 37. Qxf4 Qh5+ 38. Kg1 Qd1+ 39. Kf2) 35... Ke8 36. Qxd5 exd5 {KR-KB} 37. g3 g5 38. f5 g4 39. Kf2 d4 40. Ke2 Bg5 41. Kd3 Be3 42. Rc8+ Ke7 43. Ke4 Bf2 44. f6+ Kd7 45. Rf8 {Accuracy: White = 76%, Black = 27%.} 1-0

[Event "BLR-ch 1st Stage Men 2020"]
[Site "Minsk"]
[Date "2020.02.02"]
[Round "8.7"]
[White "Kuleshov, Konstantin"]
[Black "Teterev, Vitaly"]
[Result "1/2-1/2"]
[WhiteElo "2076"]
[BlackElo "2476"]
[Annotator "TA"]
[PlyCount "134"]
[EventDate "2020.02.01"]
[EventType "swiss"]
[EventCountry "BLR"]
[SourceTitle "playchess.com"]
[Source "ChessBase"]
[SourceQuality "1"]

{[%evp 11,134,53,63,44,41,34,46,35,103,51,60,69,58,17,32,18,39,35,19,20,38,16,153,152,179,151,147,154,166,124,203,181,187,219,277,266,308,302,306,312,281,243,353,336,335,341,385,388,418,206,202,204,190,183,195,160,189,170,210,214,264,259,247,264,262,261,255,255,230,187,197,67,67,67,67,67,67,37,74,74,87,74,77,77,94,94,94,94,94,8,8,8,35,8,8,8,8,10,35,35,35,0,8,8,8,8,8,8,8,8,8,8,8,8,8,8,8,8,8,8,8,8,8,8,8]} 1. d4 Nf6 2. c4 g6 3. Nc3 Bg7 4. e4 d6 5. Be2 O-O 6. Be3 c6 7. h4 {E73: King's Indian: Averbakh Variation without 6...c5} e5 8. d5 cxd5 9. cxd5 {[#] White is slightly better.} a6 $146 (9... Na6 $14) ({Predecessor:} 9... Qa5 10. Qd2 Nbd7 11. h5 Nc5 12. h6 Bh8 13. Rb1 Qd8 14. f3 Nh5 15. b4 Na6 16. Bxa6 bxa6 {½-½ (42) Paehtz,E (2454)-Zimina,O (2395) Riga 2017}) 10. h5 (10. g4 $16) 10... b5 $14 11. a3 Nbd7 12. hxg6 fxg6 13. Nh3 Nc5 14. Ng5 $36 {[%mdl 2048] White fights for an advantage.} h6 15. b4 hxg5 16. bxc5 Qa5 (16... dxc5 $11 {keeps the balance.} 17. Bxc5 Qc7) 17. Bd2 $16 dxc5 18. Nxb5 $1 {[%mdl 64] Discovered Attack} Qd8 19. Nc3 g4 20. Be3 g3 (20... Qa5 $16 {is a better defense.} 21. Bd2 Qc7) 21. fxg3 Qa5 22. Bd2 Ne8 23. Qa4 Qc7 24. Qc6 Qxc6 25. dxc6 Be6 26. Be3 Nf6 (26... Rc8 $142 27. Rb1 (27. Bxa6 Rxc6 28. Bb7 Rc7 $16) (27. Bxc5 Rf7 $18) 27... Nd6) 27. Rb1 $18 ({Not} 27. Bxc5 Rfc8 $16) 27... c4 28. O-O Rf7 29. Rb6 Rc8 {If Black can now play ...Rfc7 this consolidates a bit.} 30. Rxa6 (30. c7 $142 Ng4 31. Bg5) 30... Rfc7 31. Rb1 {Strongly threatening Rbb6.} Rxc6 32. Rxc6 Rxc6 33. a4 $1 Bf8 34. a5 Nd7 {[#]} 35. Nd5 $1 Nc5 36. Rb8 {Hoping for Ne7+.} ({Much less strong is} 36. Bxc4 Nxe4 37. Ba2 Nc5 $16) 36... Kg7 {[#]} 37. Nb4 $1 {[%cal Rb4c6]} ({But not} 37. Bxc4 Nxe4 38. Rb7+ Kg8) 37... Rc8 38. Rxc8 Bxc8 39. Bxc4 Nxe4 40. Nd3 {Threatens to win with a6.} Nd6 41. Nxe5 ({White should try} 41. Bd5 $18) 41... Kf6 $14 42. Bd4 {Nf3+ is the strong threat.} Nxc4 43. Nxc4+ {[%mdl 4096] Endgame KBB-KBN} Ke6 44. Bb6 Ba6 45. Ne3 Bh6 46. Ng4 Bd2 47. Kf2 Kf5 48. Nh2 Ke4 49. Nf3 Bc3 50. Nh4 (50. g4 $16) 50... g5 $11 51. Nf3 g4 52. Nh2 Bc8 53. Nf1 Kd3 54. Ne3 Bb4 55. Nd5 Bd6 56. Ne3 Bb4 {The position is equal.} 57. a6 Bxa6 58. Nxg4 Bc8 59. Ne5+ Ke4 60. Nf3 Be7 61. Nh2 Bd6 62. Nf1 Be7 63. Nd2+ Kd3 64. Be3 Bc5 65. Nf1 Bd6 66. Bb6 Ke4 67. Ne3 Be7 {Accuracy: White = 76%, Black = 74%.} 1/2-1/2

[Event "BLR-ch 1st Stage Men 2020"]
[Site "Minsk"]
[Date "2020.02.03"]
[Round "9.1"]
[White "Pogosian, Manvel"]
[Black "Lazavik, Denis"]
[Result "1/2-1/2"]
[WhiteElo "2383"]
[BlackElo "2411"]
[Annotator "TA"]
[PlyCount "60"]
[EventDate "2020.02.01"]
[EventType "swiss"]
[EventCountry "BLR"]
[SourceTitle "playchess.com"]
[Source "ChessBase"]
[SourceQuality "1"]

{[%evp 10,60,0,-17,10,0,-7,-3,0,-8,0,2,14,14,14,10,26,0,10,0,0,1,5,0,0,0,0,0,0,0,0,0,0,0,0,0,0,0,0,0,0,0,0,0,0,-1,0,0,0,0,0,0,0]} 1. d4 d5 2. Bf4 Nf6 3. e3 e6 4. Nd2 Bd6 5. Bg3 O-O 6. Ngf3 c5 {D02: 1 d4 d5 2 Nf3 sidelines, including 2...Nf6 3 g3 and 2...Nf6 3 Bf4} 7. Bxd6 Qxd6 {[#]} 8. dxc5 $146 ({Predecessor:} 8. Be2 Nc6 9. c3 b6 10. O-O Bd7 11. Bb5 Nxd4 12. Bxd7 Nxf3+ 13. Qxf3 Qxd7 14. Rfd1 {0-1 (25) Schreiber,N-Lindner,T (1602) Mecklenburg VP 2008}) 8... Qxc5 9. c4 b6 10. Rc1 Ba6 11. cxd5 Qxd5 12. Bc4 Qb7 13. Qe2 Bxc4 {The position is equal.} 14. Nxc4 Rd8 15. O-O Nc6 16. Nce5 Rac8 17. Rxc6 Rxc6 18. Nxc6 Qxc6 19. Rd1 Rxd1+ 20. Qxd1 Qc7 21. h3 h6 22. Nd4 Qc4 23. b3 Qc5 24. Qc2 Qxc2 25. Nxc2 $11 {[%mdl 4096] Endgame KN-KN} Kf8 26. Nd4 Nd5 27. Kf1 Ke8 28. Ke1 Kd7 29. Kd2 g6 30. Nb5 a6 {Accuracy: White = 100%, Black = 95%.} 1/2-1/2

[Event "BLR-ch 1st Stage Men 2020"]
[Site "Minsk"]
[Date "2020.02.03"]
[Round "9.2"]
[White "Podolchenko, Evgeniy"]
[Black "Trifonov, Denis"]
[Result "1-0"]
[WhiteElo "2394"]
[BlackElo "2191"]
[Annotator "TA"]
[PlyCount "55"]
[EventDate "2020.02.01"]
[EventType "swiss"]
[EventCountry "BLR"]
[SourceTitle "playchess.com"]
[Source "ChessBase"]
[SourceQuality "1"]

{[%evp 18,55,66,69,175,176,171,181,180,178,184,200,181,194,230,233,127,127,146,152,149,147,147,157,148,142,152,144,270,266,285,283,284,245,235,231,333,314,397,403]} 1. d4 d5 2. c4 c6 3. Nf3 Nf6 4. Nc3 dxc4 5. a4 Bf5 6. Ne5 e6 7. f3 c5 8. e4 cxd4 9. exf5 Bb4 10. Bxc4 dxc3 {D17: Slav Defence: 5 a4 Bf5: Lines with 6 Nh4 and 6 Ne5} (10... Nc6 $14 11. Nxc6 bxc6) 11. Qxd8+ $18 Kxd8 12. Nxf7+ Ke8 {White is clearly better.} 13. bxc3 Bxc3+ {[#]} 14. Ke2 $1 Bxa1 ({Reject} 14... Kxf7 15. fxe6+ Ke8 16. Rb1) 15. fxe6 Rg8 16. Ba3 {[%mdl 1024] White has strong compensation.} Bd4 17. Rb1 {[#]} Bb6 $146 ({Predecessor:} 17... b6 18. Bb5+ Nbd7 19. Bc6 Rc8 20. Nd6+ Ke7 21. Nxc8+ Kxe6 22. Nxa7 Ne5 23. Rd1 Nxc6 24. Nxc6 {1-0 (45) Alekseev,E (2689)-Wang,Y (2696) Nizhnij Novgorod 2007}) 18. Nd6+ {[%mdl 64] Double Attack} Kd8 {[#] With the idea ...Nc6.} 19. e7+ $1 {[%mdl 576] Discovered Attack, Decoy} Kxe7 {aiming for ...Kd7.} 20. Ne4+ Ke8 {Hoping for ...Rf8!} 21. Nxf6+ gxf6 22. Bxg8 {Black must now prevent a5.} h6 (22... Nc6 $16 23. Bxh7 Kf7) 23. a5 Bxa5 24. Rxb7 Nc6 25. Bd5 Rc8 26. Ke3 Bb6+ (26... Kd8 $142 27. Bd6 Ne5 28. Be7+ Ke8 29. Bxf6 Nd7) 27. Ke4 Kd8 28. Rh7 {Accuracy: White = 88%, Black = 29%.} 1-0